000 00545cam a22002291 4500
001 sa 65006976
003 DLC
005 20260227112146.0
008 940615s1964 ii 000 0 malo
010 _asa 65006976
025 _aPL480:I-Mal-621
035 _a(OCoLC)30612596
040 _aDLC
_cCU
_dCU
_dDLC
042 _apremarc
050 0 0 _aHQ10
_b.J67
100 1 _aJoseph, P. A.
245 1 0 _aSantōṣabhavanaṃ.
260 _c[1964]
300 _a95 p.
_c19 cm.
500 _aIn Malayalam.
650 0 _aFamily life education.
999 _c64968
_d64968